000 00206 a2200097 4500
001 58715
100 _a
245 _aGas Turbine Theory
260 _aEngland
_bBritish Library
_c1996
090 _c36037
_d36037
942 _aNUST-CAE
_c
_c28933
999 _c293788
_d293788